Statistics for Bonobo Discography

Click here to take the quiz!

General Stats

  • This quiz has been taken 9 times
    (6 since last reset)
  • The average score is 9 of 28

Answer Stats

TypeYearName% Correct
Album2010Black Sands
100%
Album2003Dial 'M' for Monkey
100%
Album2017Migration
100%
Album2013The North Borders
100%
Album2000Animal Magic
75%
Album2006Days to Come
75%
DJ Mix Album2013Late Night Tales: Bonobo
75%
Album2019Fabric Presents: Bonobo
50%
EP2014Ten Tigers
50%
EP2014The Flashlight
50%
EP2017Bambro Koyo Ganda
25%
EP2003Flutter
25%
EP2002Kota
25%
Compilation2002One Offs... Remixes & B-Sides
25%
EP2000Terrapin
25%
Live Album2014The North Borders Tour - Live
25%
Remix Album2012Black Sands Remixed
0%
DVD2009Live at Koko
0%
EP2005Live Sessions
0%
Remix EP2006Nightlite
0%
EP2006Nightlite / If You Stayed Over
0%
EP2003Pick Up
0%
EP2000Scuba
0%
EP2000Silver
0%
DJ Mix Album2005Solid Steel Presents: It Came from the Sea
0%
Remix Album2002Sweetness
0%
Collaborative EP2009The Keeper
0%
EP2000The Shark
0%

Score Distribution

Percentile by Number Answered

Percent of People with Each Score

Your Score History

You have not taken this quiz since the last reset